00610nam a2200229Ia 4500008004100000020001800041050001000059050001400069100002000083245002200103245005600125245002300181260002000204260000900224300002100233300002000254300001000274500003800284650002800322700001100350999001900361170711s9999 xx 000 0 und d a9780273719144 a658.4 bM647 2008 aMiller, Douglas aBrilliant teams : bwhat to know, do and say to make a brilliant team / cby Douglas Miller. aGreat Britain : c2008 axiv, 191 pages : billustrations ; c21cm. aIncludes bibliographic reference. aTeams in the workplace. aTitle. c339548d339548